000 00778cam a2200253 4500
001 ABS65694
008 020715n2002 000 0 eng u
035 _a(Sirsi) u118827
245 _aFocus 2002: Cheshire and North Wales
260 _c2002
490 _aEstates Gazette
_v(0225) 22 June 2002, 89-119(14)
590 _aABS
650 _aCHESHIRE
650 _aNORTH WALES
650 _aPROPERTY-COMMERCIAL PROPERTY-OFFICE PROPERTY-OFFICE PROPERTY MARKET
650 _aPROPERTY-COMMERCIAL PROPERTY-RETAIL PROPERTY-RETAIL PROPERTY MARKET
650 _aLEISURE MARKET
650 _aINDUSTRIAL MARKET
650 _aCHESTER
650 _aPLANNING ISSUES
650 _aTRANSPORT
690 _aPROPERTY-COMMERCIAL PROPERTY-COMMERCIAL PROPERTY MARKET
942 _n0
999 _c70732
_d70732